00311nam a2200109Ia 450000500170000000800410001710000220005824500790008026000180015930000110017765000130018820260328104306.0260328s9999||||xx |||||||||||||| ||und|| aRomero, Flavio E. 0aXXV Bienal Colombiana de Arquitectura y Urbanismo 2016 /cFlavio E. Romero bMineducacion  a423 p. aCOLOMBIA